NCLEX-RN questions & answers made incredibly easy ! / (Record no. 19211)
[ view plain ]
| 000 -LEADER | |
|---|---|
| fixed length control field | 01119cam a2200301 a 4500 |
| 001 - CONTROL NUMBER | |
| control field | 016472959 |
| 003 - CONTROL NUMBER IDENTIFIER | |
| control field | OSt |
| 005 - DATE AND TIME OF LATEST TRANSACTION | |
| control field | 20150422142405.0 |
| 008 - FIXED-LENGTH DATA ELEMENTS--GENERAL INFORMATION | |
| fixed length control field | 130611t2014 paue fr 001 0 eng d |
| 020 ## - INTERNATIONAL STANDARD BOOK NUMBER | |
| International Standard Book Number | 9781451185492 (pbk.) |
| 020 ## - INTERNATIONAL STANDARD BOOK NUMBER | |
| International Standard Book Number | 1451185499 (pbk.) |
| 040 ## - CATALOGING SOURCE | |
| Original cataloging agency | StDuBDS |
| Language of cataloging | eng |
| Transcribing agency | StDuBDS |
| Modifying agency | Uk |
| -- | EG-ScBUE |
| 082 00 - DEWEY DECIMAL CLASSIFICATION NUMBER | |
| Classification number | 610.73076 |
| Edition number | 22 |
| Item number | LIS |
| 100 1# - MAIN ENTRY--PERSONAL NAME | |
| Personal name | Lisko, Susan. |
| 9 (RLIN) | 37693 |
| 245 10 - TITLE STATEMENT | |
| Title | NCLEX-RN questions & answers made incredibly easy ! / |
| Statement of responsibility, etc | Susan A. Lisko. |
| 246 3# - VARYING FORM OF TITLE | |
| Title proper/short title | NCLEX-RN questions and answers made incredibly easy! |
| 250 ## - EDITION STATEMENT | |
| Edition statement | 6th ed. |
| 260 ## - PUBLICATION, DISTRIBUTION, ETC. (IMPRINT) | |
| Place of publication, distribution, etc | Philadelphia : |
| Name of publisher, distributor, etc | Wolters Kluwer Health / Lippincott Williams & Wilkins, |
| Date of publication, distribution, etc | c.2014. |
| 300 ## - PHYSICAL DESCRIPTION | |
| Extent | viii, 909 p. : |
| Other physical details | plans ; |
| Dimensions | 28 cm. |
| 500 ## - GENERAL NOTE | |
| General note | Index : p. 887-909. |
| 500 ## - GENERAL NOTE | |
| General note | Preceded by (work) : NCLEX-RN questions & answers made incredibly easy!. 5th ed. c2011. |
| 650 #7 - SUBJECT ADDED ENTRY--TOPICAL TERM | |
| Topical term or geographic name as entry element | Nursing |
| Form subdivision | Examinations, questions, etc. |
| Source of heading or term | BUEsh |
| 9 (RLIN) | 12268 |
| 650 #7 - SUBJECT ADDED ENTRY--TOPICAL TERM | |
| Topical term or geographic name as entry element | National Council Licensure Examination for Registered Nurses |
| Form subdivision | Study guides. |
| Source of heading or term | BUEsh |
| 9 (RLIN) | 37695 |
| 651 ## - SUBJECT ADDED ENTRY--GEOGRAPHIC NAME | |
| Source of heading or term | BUEsh |
| 653 ## - INDEX TERM--UNCONTROLLED | |
| Resource For college | Nursing |
| Arrived date list | April2015 |
| 655 ## - INDEX TERM--GENRE/FORM | |
| Form subdivision | |
| -- | 34232 |
| 942 ## - ADDED ENTRY ELEMENTS (KOHA) | |
| Source of classification or shelving scheme | Dewey Decimal Classification |
| Withdrawn status | Item status | Source of classification or shelving scheme | Damaged status | Not for loan | Vendor | Home library | Current library | Shelving location | Date acquired | Source of acquisition | Cost, normal purchase price | Serial Enumeration / chronology | Total Checkouts | Total Renewals | Full call number | Barcode | Date last seen | Date last borrowed | Cost, replacement price | Koha item type |
|---|---|---|---|---|---|---|---|---|---|---|---|---|---|---|---|---|---|---|---|---|
| Dewey Decimal Classification | ايمك | Central Library | Central Library | First floor | 22/04/2015 | 307.00 | 2446 | 11 | 106 | 610.73076 LIS | 000038055 | 15/07/2025 | 27/10/2024 | 383.75 | Book - Borrowing |